00549cam a22002291 4500001001300000003000400013005001700017008004100034010001700075035002000092040001800112042001200130050001900142100002200161245003300183260001100216300001900227500001300246500003000259500001300289999001700302sa 64005027 DLC20260227112029.0890629s1962 pk 000 1 urdr  asa 64005027  a(OCoLC)19949472 aDLCcWaUdDLC apremarc00aPK2200.C5bM421 aChandar, Krishan.10aMerī yādon̲ ke canār. c[1962] a303 p.c19 cm. aIn Urdu. aText partially vocalized. aA novel. c58893d58893